000 00989nam a2200253Ia 4500
003 OSt
005 20220930094948.0
006 a|||||r|||| 00| 0
007 ta
008 220926b |||||||| |||| 00| 0 san d
024 _a57483
037 _cTheses
040 _aCRL
_cCRL
_bsan
041 _2san
_asan
100 _aहरीश कुमार, ले.
110 _aदिल्ली विश्वविद्यालय. कला संकाय. संस्कृत विभाग
245 0 _aत्रिक दर्शन में सांख्य-योग
_b एक समालोचना।
246 _aTrik darshan mean sāankhya-yoga: ek samālochanā।
260 _c2017
300 _a397 पृ.
_ap.
_ccm.
700 _aदिल्ली विश्वविद्यालय. कला संकाय. संस्कृत विभाग
942 _cDIS
_2CC
999 _c888060
_d888060